000 00412nam a22001457a 4500
003 MACL
005 20190521155548.0
008 190521b xxu||||| |||| 00| 0 eng d
040 _cMACL
100 _aआलोक,सीतेश
_91020
245 _aचलती चक्‍की
260 _a दिल्‍ली
_bमेधा बुक्‍स
_c2017
650 _aलेख
_974894
942 _2ddc
_cHIN
999 _c59785
_d59785